Statistical Computation for Environmental Sciences in R : (Record no. 589033)

MARC details
000 -LEADER
fixed length control field 00540nam a2200193 a 4500
008 - FIXED-LENGTH DATA ELEMENTS--GENERAL INFORMATION
fixed length control field 250923s2007##################000#0#eng##
020 ## - INTERNATIONAL STANDARD BOOK NUMBER
ISBN 9780691122625
082 04 - DEWEY DECIMAL CLASSIFICATION NUMBER
Classification number 577.072
Item number CLA
100 1# - MAIN ENTRY--AUTHOR NAME
Personal name Clark, James S.,
245 10 - TITLE STATEMENT
Title Statistical Computation for Environmental Sciences in R :
260 ## - PUBLICATION, DISTRIBUTION, ETC. (IMPRINT)
Name of publisher Princeton University Press,
Year of publication 2007.
300 ## - PHYSICAL DESCRIPTION
Number of Pages 150 pages
650 #0 - SUBJECT ADDED ENTRY--TOPICAL TERM
Topical Term Mathematics.
942 ## - ADDED ENTRY ELEMENTS (KOHA)
Koha item type English Books
Holdings
Withdrawn status Lost status Damaged status Not for loan Home library Current library Shelving location Date acquired Full call number Accession Number Price effective from Koha item type
        Anna Centenary Library Anna Centenary Library 5TH FLOOR, A WING 23.09.2025 577.072 CLA 166938 23.09.2025 English Books

Find us on the map